[Event "Ch Hungary (team) 2000/01 (3 liga)"]
[Site "masterchessopen.com Hungary"]
[Round "5"]
[White "Veress Lajos (HUN)"]
[Black "Feher Tamas (HUN)"]
[Result "1-0"]
[WhiteElo "2144"]
[BlackElo "2116"]

1.Nf3 c5 2.c4 g6 3.d4 cxd4 4.Nxd4 Bg7 5.e4 Nc6 6.Be3 Nf6 7.Nc3 Ng4 8.Qxg4 Nxd4
9.Qd1 Ne6 10.Rc1 Qa5 11.Qd2 b6 12.Bd3 Bb7 13.O-O Nc5 14.Bb1 Bxc3 15.Rxc3 Na4
16.Qd4 e5 17.Qd6 Nxc3 18.b4 Ne2+ 19.Kh1 Qa4 20.Bg5 {#r} 1-0

[Event "Ch Hungary (university)"]
[Site "masterchessopen.com Hungary"]
[Round "0"]
[White "Szuk Balazs (HUN)"]
[Black "Kelemen Imre (HUN)"]
[Result "1-0"]
[WhiteElo "2355"]
[BlackElo "2120"]

1.e4 c5 2.Nf3 Nc6 3.d4 cxd4 4.Nxd4 g6 5.c4 Bg7 6.Be3 Nf6 7.Nc3 Ng4 8.Qxg4 Nxd4
9.Qd1 e5 10.Nb5 Qa5+ 11.Bd2 Qb6 12.Bb4 Nxb5 13.cxb5 Qd4 14.Qxd4 exd4 15.Bc4
Be5 16.O-O g5 17.Rac1 d6 18.Bd5 O-O 19.Rc7 Rb8 20.Rfc1 Be6 21.Bxb7 d5 22.Bxf8
Bxc7 23.Rxc7 Kxf8 24.a4 dxe4 25.Bxe4 d3 26.Bxd3 Rd8 27.Bc2 Bf5 28.h3 {#r} 1-0

[Event "Ch ACT (open) "]
[Site "masterchessopen.com Kambah (Australia)"]
[Round "8"]
[White "Stojic Svetozar (AUS)"]
[Black "Bartlett Stephen (AUS)"]
[Result "0-1"]
[WhiteElo "2010"]
[BlackElo "2010"]

1.e4 c5 2.Nf3 Nc6 3.d4 cxd4 4.Nxd4 g6 5.c4 Bg7 6.Be3 Nf6 7.Nc3 Ng4 8.Qxg4 Nxd4
9.Qd1 e5 10.f4 d6 11.Bxd4 exd4 12.Nb5 O-O 13.Qd2 Re8 14.Bd3 a6 15.Na3 f5
16.Qe2 fxe4 17.Bxe4 Bf5 18.O-O Rxe4 19.Qd2 d3 20.Qxd3 Qb6+ 21.Kh1 Rae8 22.Rad1
Rd4 23.Qf3 Qxb2 24.Rxd4 Bxd4 25.Qd5+ Kh8 26.Qxd6 Be4 {#R} 0-1

[Event "It (open)"]
[Site "masterchessopen.com Kilkenny (Ireland)"]
[Round "1"]
[White "McElligott Gerry (IRL)"]
[Black "Pein Malcolm (ENG)"]
[Result "0-1"]
[WhiteElo "2145"]
[BlackElo "2424"]

1.Nf3 c5 2.c4 g6 3.d4 cxd4 4.Nxd4 Bg7 5.e4 Nc6 6.Be3 Nf6 7.Nc3 Ng4 8.Qxg4 Bxd4
9.Bh6 Qb6 10.Qe2 Bxc3+ 11.bxc3 d6 12.Qd2 Be6 13.Be3 Qc7 14.c5 dxc5 15.Bxc5 Qa5
16.Be3 O-O 17.c4 Qe5 18.Rc1 Rfd8 19.Qc3 Qxe4 20.f3 Qe5 21.f4 Qxc3+ 22.Rxc3
Rac8 23.Be2 Nd4 24.Bd3 b5 {#R} 0-1

[Event "It (open)"]
[Site "masterchessopen.com Linares (Spain)"]
[Round "3"]
[White "Iordachescu Viorel (MDA)"]
[Black "Mirzoev Azer (AZE)"]
[Result "1-0"]
[WhiteElo "2594"]
[BlackElo "2414"]

1.e4 c5 2.Nf3 Nc6 3.d4 cxd4 4.Nxd4 g6 5.c4 Bg7 6.Be3 Nf6 7.Nc3 Ng4 8.Qxg4 Nxd4
9.Qd1 Nc6 10.Qd2 Qa5 11.Be2 Bxc3 12.bxc3 b6 13.O-O Ba6 14.Rfd1 d6 15.Qc2 e6
16.Rxd6 Rc8 17.Bh6 Ke7 18.Rad1 Rhd8 19.Qd2 Qe5 20.Rd7+ Ke8 21.Bf4 Qc5 22.Bc7
Rxc7 23.Rxd8+ Ke7 24.Rh8 h5 25.Qh6 Qe5 26.f4 {#r} 1-0

[Event "It (open)"]
[Site "masterchessopen.com Lisbon (Portugal)"]
[Round "6"]
[White "Pogorelov Ruslan (UKR)"]
[Black "Cordovil Joao (POR)"]
[Result "1-0"]
[WhiteElo "2445"]
[BlackElo "2212"]

1.Nf3 c5 2.c4 Nc6 3.d4 cxd4 4.Nxd4 g6 5.e4 Bg7 6.Be3 Nf6 7.Nc3 Ng4 8.Qxg4 Nxd4
9.Qd1 Ne6 10.Rc1 b6 11.Bd3 Bb7 12.O-O O-O 13.Bb1 d6 14.b3 Qe8 15.Nd5 Rc8
16.Qd2 Kh8 17.Bh6 f5 18.exf5 gxf5 19.Rce1 Bxh6 20.Qxh6 Bxd5 21.cxd5 Nc7 22.Qd2
Rf6 23.Re3 Qf7 24.Rc1 e5 25.dxe6 Rxe6 26.Qd4+ Kg8 27.Rg3+ Rg6 28.Qxd6 Re8
29.Bxf5 Qxf5 30.Qxc7 Qa5 31.Qc4+ Kg7 32.Qc3+ Qxc3 33.Rgxc3 Re2 34.R3c2 {#r}
1-0

[Event "It (open)"]
[Site "masterchessopen.com Mehlingen (Germany)"]
[Round "3"]
[White "Schnicke Robert (GER)"]
[Black "Schaefer Lutz (GER)"]
[Result "1-0"]
[WhiteElo "2325"]
[BlackElo "2005"]

1.e4 c5 2.Nf3 Nc6 3.d4 cxd4 4.Nxd4 g6 5.c4 Bg7 6.Be3 Nf6 7.Nc3 Ng4 8.Qxg4 Nxd4
9.Qd1 Ne6 10.Qd2 d6 11.Be2 Qa5 12.Rc1 Bxc3 13.Qxc3 Qxc3+ 14.Rxc3 Nc5 15.f3 a5
16.g4 h5 17.gxh5 Rxh5 18.h4 Be6 19.Ra3 Na6 20.f4 Nb4 21.Kd2 Rh7 22.Bb6 Nc6
23.Rg3 Nb8 24.f5 gxf5 25.Rg8+ Kd7 26.exf5 Bxf5 27.Bf3 Ra6 28.Rd8+ Ke6 29.Bd4
{#r} 1-0

[Event "It (open)"]
[Site "masterchessopen.com Mondariz (Spain)"]
[Round "3"]
[White "Guillen Lorenzana Xan (ESP)"]
[Black "Martinez Martin David (ESP)"]
[Result "0-1"]
[WhiteElo "2098"]
[BlackElo "2283"]

1.e4 c5 2.Nf3 Nc6 3.d4 cxd4 4.Nxd4 g6 5.c4 Bg7 6.Be3 Nf6 7.Nc3 Ng4 8.Qxg4 Nxd4
9.Qd1 Ne6 10.Be2 Bxc3+ 11.bxc3 Qa5 12.Qd2 b6 13.Bd4 Rg8 14.Rd1 Bb7 15.f3 d6
16.O-O g5 17.Rfe1 O-O-O 18.Qc2 Kb8 19.Rb1 Rc8 20.Bd3 g4 21.Rb5 Nxd4 {#R} 0-1

[Event "Ch Netherlands (juniors) (under 16)"]
[Site "masterchessopen.com Netherlands"]
[Round "8"]
[White "Van Assendelft Floris (NED)"]
[Black "Erwich Frank AS (NED)"]
[Result "1-0"]
[WhiteElo "2376"]
[BlackElo "2224"]

1.e4 g6 2.d4 Bg7 3.c4 c5 4.Nf3 cxd4 5.Nxd4 Nc6 6.Be3 Nf6 7.Nc3 Ng4 8.Qxg4 Nxd4
9.Qd1 e5 10.Bd3 O-O 11.O-O d6 12.f3 Be6 13.Nd5 a6 14.Qd2 Rb8 15.b3 b5 16.Rab1
Bxd5 17.cxd5 Qb6 18.Bf2 h5 19.Rbc1 Rbc8 20.Rxc8 Rxc8 21.Rc1 Rxc1+ 22.Qxc1 Qa5
23.Bxd4 exd4 24.a3 Bh6 25.f4 h4 26.b4 Qa4 27.Bc2 Bxf4 28.Qb2 {#r} 1-0

[Event "Ch World (juniors) (under 14) (g)"]
[Site "masterchessopen.com Oropesa (Spain)"]
[Round "10"]
[White "Czarnota Dorota (POL)"]
[Black "Raeva Elitsa (BUL)"]
[Result "1-0"]
[WhiteElo "2187"]
[BlackElo "2337"]

1.e4 c5 2.Nf3 Nc6 3.d4 cxd4 4.Nxd4 g6 5.c4 Bg7 6.Be3 Nf6 7.Nc3 Ng4 8.Qxg4 Nxd4
9.Qd1 Ne6 10.Rc1 b6 11.b4 Bb7 12.Bd3 O-O 13.O-O Rc8 14.f4 d6 15.f5 Nc7 16.Qg4
Ne8 17.Qh3 Nf6 18.Bh6 a5 19.a3 Ba6 20.Ne2 Bb7 21.Rf4 Nh5 22.fxg6 Nxf4 23.gxh7+
Kh8 24.Nxf4 e5 25.Bxg7+ Kxg7 26.Nh5+ Kxh7 27.Rf1 Rh8 28.Rxf7+ Kg8 29.Rg7+ Kf8
30.Qf5+ Ke8 31.Qf7# 1-0

[Event "Ch World (juniors) (under 16) (g)"]
[Site "masterchessopen.com Oropesa (Spain)"]
[Round "4"]
[White "Espinola Martin Maria Jose (ESP)"]
[Black "Meza Anahi (ARG)"]
[Result "0-1"]
[WhiteElo "2066"]
[BlackElo "2126"]

1.e4 c5 2.Nf3 Nc6 3.d4 cxd4 4.Nxd4 g6 5.c4 Bg7 6.Be3 Nf6 7.Nc3 Ng4 8.Qxg4 Nxd4
9.Qd1 Ne6 10.Rc1 Qa5 11.Qd2 b6 12.Bd3 Bb7 13.Bb1 f5 14.exf5 gxf5 15.O-O Rg8
16.f3 f4 17.Bxf4 Qh5 18.Rce1 Bxc3 19.bxc3 Bxf3 20.Bg3 Qc5+ 21.Kh1 Bb7 22.Bxh7
Rxg3 23.hxg3 Qh5+ 24.Kg1 Qxh7 25.Qf2 O-O-O 26.g4 Rh8 27.Qg3 Nc5 28.Rf5 Qh1+
{#R} 0-1

[Event "It (open)"]
[Site "masterchessopen.com Passau (Germany)"]
[Round "4"]
[White "Campe Herbert (GER)"]
[Black "Kaufmann Gunther (GER)"]
[Result "1-0"]
[WhiteElo "1846"]
[BlackElo "1818"]

1.e4 c5 2.Nf3 Nc6 3.d4 cxd4 4.Nxd4 g6 5.c4 Bg7 6.Be3 Nf6 7.Nc3 Ng4 8.Qxg4 Nxd4
9.Qd1 Nc6 10.Be2 O-O 11.O-O d6 12.Qd2 Re8 13.f4 Bd7 14.Rac1 f5 15.Bf3 Qc8
16.exf5 Bxf5 17.Ne4 Rd8 18.h3 Qe6 19.Ng5 Qf6 20.g4 Bd7 21.b3 h6 22.Ne4 Qb2
23.Rc2 Qa3 24.c5 Nb4 25.Rc4 Nxa2 26.cxd6 Be6 27.Ra4 Qxb3 28.Nc5 Qb5 29.Nxe6
Qxa4 30.Nxd8 Rxd8 31.Bd5+ Kh7 32.dxe7 Rd6 33.Bg8+ Kxg8 34.Qxd6 Qe8 35.Qe6+
{#r} 1-0

[Event "It (open)"]
[Site "masterchessopen.com Polanica Zdroj (Poland)"]
[Round "9"]
[White "Ragozin Evgeni (RUS)"]
[Black "Maciejewski Miroslaw (POL)"]
[Result "0-1"]
[WhiteElo "2489"]
[BlackElo "2330"]

1.c4 g6 2.e4 Bg7 3.Nf3 c5 4.d4 cxd4 5.Nxd4 Nc6 6.Be3 Nf6 7.Nc3 Ng4 8.Qxg4 Nxd4
9.Qd1 e5 10.Nb5 O-O 11.Nxd4 exd4 12.Bxd4 Qa5+ 13.Ke2 Re8 14.f3 d5 15.Bxg7
Rxe4+ 16.Kd3 Rxc4 17.Ke3 Qc5+ 18.Bd4 Qe7+ 19.Kf2 Qh4+ 20.Ke3 Bf5 21.g4 Re8+
22.Kf4 g5+ {#R} 0-1

[Event "Ch Ukraine"]
[Site "masterchessopen.com Sevastopol (Ukraine)"]
[Round "7"]
[White "Efimenko Zahar (UKR)"]
[Black "Golovanj Andrej (UKR)"]
[Result "1-0"]
[WhiteElo "2432"]
[BlackElo "2218"]

1.e4 c5 2.Nf3 Nc6 3.d4 cxd4 4.Nxd4 g6 5.c4 Bg7 6.Be3 Nf6 7.Nc3 Ng4 8.Qxg4 Nxd4
9.Qd1 Ne6 10.Rc1 d6 11.Be2 Nc5 12.b4 Bxc3+ 13.Rxc3 Nxe4 14.Qd4 Nf6 15.Bh6 e5
16.Qe3 Ng4 17.Bxg4 Bxg4 18.O-O Qe7 19.f4 f6 20.c5 Rc8 21.Qg3 Be6 22.Rd1 dxc5
23.fxe5 f5 24.Rcd3 cxb4 25.Rd6 Kf7 26.Bg5 Qc7 27.Rxe6 Kxe6 28.Rd6+ Kf7 29.Qb3+
Qc4 30.e6+ Kg8 31.Rd8+ Kg7 32.Rd7+ Kg8 33.Qxc4 Rxc4 34.Bf6 {#r} 1-0

[Event "Ch Ukraine"]
[Site "masterchessopen.com Sevastopol (Ukraine)"]
[Round "9"]
[White "Okhrimenko Sergei (UKR)"]
[Black "Khomyakov Vladimir (UKR)"]
[Result "1-0"]
[WhiteElo "2337"]
[BlackElo "2377"]

1.e4 c5 2.Nf3 Nc6 3.d4 cxd4 4.Nxd4 g6 5.c4 Bg7 6.Be3 Nf6 7.Nc3 Ng4 8.Qxg4 Nxd4
9.Qd1 Ne6 10.Rc1 Qa5 11.Bd3 d6 12.Bb1 Bd7 13.O-O O-O 14.f4 Bc6 15.f5 Nc5 16.f6
Bxf6 17.Rxf6 exf6 18.b4 Qxb4 19.Qxd6 Na6 20.Qxf6 Rfe8 21.Bd4 {#r} 1-0

[Event "It (open)"]
[Site "masterchessopen.com Vlissingen (Netherlands)"]
[Round "2"]
[White "Michiels Bart (BEL)"]
[Black "Gelashvili Tamaz (GEO)"]
[Result "0-1"]
[WhiteElo "2055"]
[BlackElo "2519"]

1.e4 c5 2.Nf3 Nc6 3.d4 cxd4 4.Nxd4 g6 5.c4 Bg7 6.Be3 Nf6 7.Nc3 Ng4 8.Qxg4 Nxd4
9.Qd1 Ne6 10.Rc1 O-O 11.Be2 d6 12.O-O b6 13.f3 Bb7 14.Rf2 Rc8 15.Bf1 f5
16.exf5 gxf5 17.Rd2 f4 18.Bf2 Qe8 19.Bd3 Nc5 20.Bb1 Qh5 21.b4 Nd7 22.Qb3 Rf7
23.Be4 Bxc3 24.Rxc3 Bxe4 25.fxe4 Nf6 26.Qc2 Rg7 27.Be1 Ng4 28.h4 Ne3 29.Qd3
Qf3 30.Qe2 Qxe4 31.g3 Rf8 32.Rdd3 Rf6 33.Rxe3 fxe3 34.Rxe3 Qxh4 35.Kg2 Rh6
{#R} 0-1

[Event "It (open)"]
[Site "masterchessopen.com Wijk aan Zee (Netherlands)"]
[Round "8"]
[White "Rowson Jonathan (SCO)"]
[Black "Afek Yochanan (ISR)"]
[Result "1-0"]
[WhiteElo "2494"]
[BlackElo "2330"]

1.e4 c5 2.Nf3 Nc6 3.d4 cxd4 4.Nxd4 g6 5.c4 Bg7 6.Be3 Nf6 7.Nc3 Ng4 8.Qxg4 Nxd4
9.Qd1 e5 10.Nb5 O-O 11.Qd2 Qe7 12.Be2 Nxb5 13.cxb5 d5 14.exd5 Rd8 15.O-O b6
16.Rfd1 Rd6 17.a4 Bb7 18.Bc4 Rc8 19.Qe2 Qd7 20.a5 Bxd5 21.Bxd5 Rxd5 22.axb6
axb6 23.Rxd5 Qxd5 24.Bxb6 Rb8 25.Rd1 Qa2 26.Bc7 {#r} 1-0

[Event "Ch Argentina (juniors) (under 18)"]
[Site "masterchessopen.com Argentina"]
[Round "4"]
[White "Barrionuevo Pablo (ARG)"]
[Black "Liascovich Lucas (ARG)"]
[Result "1-0"]
[WhiteElo "2196"]
[BlackElo "2338"]

1.e4 c5 2.Nf3 Nc6 3.d4 cxd4 4.Nxd4 g6 5.c4 Bg7 6.Be3 Nf6 7.Nc3 Ng4 8.Qxg4 Nxd4
9.Qd1 Ne6 10.Rc1 Qa5 11.Qd2 b6 12.Be2 Bb7 13.f3 f5 14.exf5 gxf5 15.O-O Rg8
16.Rfd1 d6 17.Nd5 Qxa2 18.Nxe7 Kxe7 19.Qxd6+ Kf7 20.Qd7+ Kf6 21.Rd6 Rae8
22.Rxe6+ Rxe6 23.Bd4+ Kg5 24.f4+ Kxf4 25.g3+ Ke4 26.Qxe6+ Kxd4 27.Rd1+ Kc5
28.Qxf5+ Kc6 29.Qd5+ Kc7 30.Qd6+ {#r} 1-0

[Event "It (open)"]
[Site "masterchessopen.com Bad Woerishofen (Germany)"]
[Round "7"]
[White "Matzat Andre (GER)"]
[Black "Maugg Ludwig (GER)"]
[Result "1-0"]
[WhiteElo "2261"]
[BlackElo "2141"]

1.Nf3 c5 2.c4 g6 3.d4 Bg7 4.e4 cxd4 5.Nxd4 Nc6 6.Be3 Nf6 7.Nc3 Ng4 8.Qxg4 Nxd4
9.Qd1 Ne6 10.Qd2 d6 11.Be2 O-O 12.O-O b6 13.Bh6 Bb7 14.Bxg7 Kxg7 15.Bg4 Rc8
16.b3 Rc5 17.Rfe1 Re8 18.Rad1 Rc8 19.Nd5 Rb8 20.e5 Bxd5 21.Qxd5 Nf4 22.Qd4
{#r} 1-0

[Event "Ch Catalunia"]
[Site "masterchessopen.com Barcelona (Spain)"]
[Round "0"]
[White "Rahal Michael (ENG)"]
[Black "Molina Mansilla Ricardo (ESP)"]
[Result "1-0"]
[WhiteElo "2393"]
[BlackElo "2242"]

1.e4 c5 2.Nf3 Nc6 3.d4 cxd4 4.Nxd4 g6 5.c4 Bg7 6.Be3 Nf6 7.Nc3 Ng4 8.Qxg4 Nxd4
9.Qd1 Ne6 10.Qd2 Qa5 11.Rc1 Bxc3 12.Rxc3 Qxa2 13.Bd3 Qa5 14.O-O f6 15.c5 O-O
16.f4 Ng7 17.f5 g5 18.Bc4+ Kh8 19.h4 Nh5 20.hxg5 b5 21.Bd5 b4 22.Rcc1 Rb8
23.Qd1 {#r} 1-0

[Event "Ch Berlin"]
[Site "masterchessopen.com Berlin (Germany)"]
[Round "8"]
[White "Suhl Dirk (GER)"]
[Black "Steinhardt Lutz (GER)"]
[Result "1-0"]
[WhiteElo "2322"]
[BlackElo "2237"]

1.Nf3 Nf6 2.c4 c5 3.Nc3 g6 4.d4 cxd4 5.Nxd4 Bg7 6.e4 Nc6 7.Be3 Ng4 8.Qxg4 Nxd4
9.Qd1 Ne6 10.Rc1 Qa5 11.Bd3 b6 12.O-O Bb7 13.a3 g5 14.Nb5 Bc6 15.Qe2 Be5
16.Bxg5 Nxg5 17.b4 Qa4 18.Bc2 Qa6 19.f4 Bxb5 20.cxb5 Bd4+ 21.Kh1 Qxa3 22.fxg5
Rc8 23.Qh5 Bb2 24.Qxf7+ Kd8 25.Rcd1 Rxc2 26.Qf5 d6 27.e5 Qc3 28.exd6 e6
29.Qxe6 Re8 30.Qxe8+ {#r} 1-0

[Event "It (open)"]
[Site "masterchessopen.com Bydgoszcz (Poland)"]
[Round "5"]
[White "Lewandowski Rafal (POL)"]
[Black "Wisniewski Przemyslaw (POL)"]
[Result "1-0"]
[WhiteElo "2218"]
[BlackElo "2132"]

1.e4 c5 2.Nf3 Nc6 3.d4 cxd4 4.Nxd4 g6 5.c4 Bg7 6.Be3 Nf6 7.Nc3 Ng4 8.Qxg4 Nxd4
9.Qd1 e5 10.Nb5 O-O 11.Bxd4 exd4 12.Bd3 d5 13.cxd5 a6 14.Na3 f5 15.O-O fxe4
16.Bxe4 Qg5 17.Nc4 Bg4 18.Qb3 b5 19.Na5 Rae8 20.f3 Bd7 21.Nc6 Qe3+ 22.Kh1 Qe2
23.Rfe1 Qf2 24.d6+ Kh8 25.Ne7 Rf6 26.Qd5 Qxb2 27.Bd3 Qc3 28.Rad1 Bf5 29.Bxf5
gxf5 30.Ng6+ hxg6 31.Rxe8+ Kh7 32.d7 Qc2 33.Rde1 {#r} 1-0

[Event "It (open)"]
[Site "masterchessopen.com Calcutta (India)"]
[Round "6"]
[White "Simutowe Amon (ZAM)"]
[Black "Brauer Christian (GER)"]
[Result "1-0"]
[WhiteElo "2428"]
[BlackElo "2143"]

1.c4 c5 2.Nf3 Nc6 3.d4 cxd4 4.Nxd4 g6 5.e4 Bg7 6.Be3 Nf6 7.Nc3 Ng4 8.Qxg4 Nxd4
9.Qd1 e5 10.Nb5 Nxb5 11.cxb5 Qe7 12.Qd2 O-O 13.h4 d6 14.O-O-O Be6 15.Kb1 Rfd8
16.Qb4 b6 17.Bc4 Bxc4 18.Qxc4 Rac8 19.Qd5 h6 20.g3 Rd7 21.Rc1 Rdc7 22.Rc6 Rxc6
23.bxc6 Qc7 24.Rc1 a6 25.f4 exf4 26.gxf4 b5 27.h5 Kh7 28.hxg6+ fxg6 29.f5 Rf8
30.fxg6+ Kxg6 31.Qe6+ Kh7 32.Bxh6 Bxh6 33.Rh1 Qg7 34.c7 {#r} 1-0

[Event "It (open)"]
[Site "masterchessopen.com Creon (France)"]
[Round "3"]
[White "Badea Bela (ROM)"]
[Black "Crut Aurelien (FRA)"]
[Result "1-0"]
[WhiteElo "2530"]
[BlackElo "2293"]

1.Nf3 c5 2.c4 Nc6 3.d4 cxd4 4.Nxd4 g6 5.e4 Bg7 6.Be3 Nf6 7.Nc3 Ng4 8.Qxg4 Nxd4
9.Qd1 Ne6 10.Rc1 Qa5 11.Be2 d6 12.O-O Bd7 13.f3 Bc6 14.Rf2 O-O 15.Bf1 f5
16.exf5 gxf5 17.Nd5 Qd8 18.Re2 f4 19.Bf2 Be5 20.Qd2 Kh8 21.Rce1 Rf5 22.Qd3 Rh5
23.g4 fxg3 24.hxg3 Qg8 25.Bg2 Bxd5 26.cxd5 Nc7 27.f4 Bf6 28.Rxe7 Nxd5 29.R7e6
{#r} 1-0

[Event "Ch Germany (juniors) (under 20) (team) (g)"]
[Site "masterchessopen.com Hamburg (Germany)"]
[Round "5"]
[White "Richter Helmut (GER)"]
[Black "Fey Franziska (GER)"]
[Result "1-0"]
[WhiteElo "1950"]
[BlackElo "2036"]

1.e4 c5 2.Nf3 Nc6 3.d4 cxd4 4.Nxd4 g6 5.c4 Bg7 6.Be3 Nf6 7.Nc3 Ng4 8.Qxg4 Nxd4
9.Qd1 Ne6 10.Rc1 Qa5 11.Qd2 g5 12.b3 b6 13.Nd5 Qxd2+ 14.Kxd2 Bb7 15.Be2 Rc8
16.g3 Be5 17.f4 gxf4 18.gxf4 Bd6 19.Bf3 Nc7 20.e5 Ba3 21.Rc2 Kd8 22.Rf1 Na6
23.Ke1 Nc5 24.Rg2 Ke8 25.Rfg1 Kf8 26.f5 d6 27.exd6 exd6 28.Bh6+ Ke8 29.Re2+
Kd8 30.Bg5+ Kd7 31.Re7+ {#r} 1-0

[Event "Cup Independence (open)"]
[Site "masterchessopen.com Kiev (Ukraine)"]
[Round "0"]
[White "Panchenko Alexandar G (UKR)"]
[Black "Kislinsky Alexey (UKR)"]
[Result "1-0"]
[WhiteElo "2394"]
[BlackElo "2316"]

1.Nf3 c5 2.c4 g6 3.d4 cxd4 4.Nxd4 Bg7 5.e4 Nc6 6.Be3 Nf6 7.Nc3 Ng4 8.Qxg4 Nxd4
9.Qd1 e5 10.Nb5 O-O 11.Be2 Qh4 12.Nxd4 exd4 13.Bxd4 Qxe4 14.Bxg7 Qxg2 15.Qd4
Qxh1+ 16.Kd2 Qxa1 17.Qf6 Qxa2 18.Bh6 Qa5+ 19.Kd1 Qa4+ 20.Kc1 Qa1+ 21.Kc2 Qa4+
22.Kb1 {#r} 1-0

[Event "It"]
[Site "masterchessopen.com Kurgan (Russia)"]
[Round "0"]
[White "Predein Vladimir (RUS)"]
[Black "Balashov Yuri S (RUS)"]
[Result "1-0"]
[WhiteElo "2402"]
[BlackElo "2555"]

1.c4 c5 2.Nf3 g6 3.d4 Bg7 4.e4 cxd4 5.Nxd4 Nc6 6.Be3 Nf6 7.Nc3 Ng4 8.Qxg4 Nxd4
9.Qd1 Ne6 10.Rc1 O-O 11.Bd3 d6 12.O-O Bd7 13.Qd2 Nc5 14.Bb1 Na4 15.Nxa4 Bxa4
16.b4 Bd7 17.Rfd1 b6 18.c5 Ba4 19.Bc2 Bxc2 20.Qxc2 bxc5 21.bxc5 Qd7 22.c6 Qe6
23.c7 Rfc8 24.Qc6 f5 25.exf5 gxf5 26.Re1 Qxa2 27.Bg5 e5 28.Qxd6 Qf7 29.Red1 h6
30.Bh4 a5 31.Qc6 a4 32.Qxa8 Rxa8 33.Rd8+ {#r} 1-0

[Event "It (open) \"]
[Site "masterchessopen.com Lisbon (Portugal)"]
[Round "9"]
[White "Padeiro Jose (POR)"]
[Black "Fernandes Antonio (POR)"]
[Result "0-1"]
[WhiteElo "2192"]
[BlackElo "2457"]

1.e4 c5 2.Nf3 Nc6 3.d4 cxd4 4.Nxd4 g6 5.c4 Bg7 6.Be3 Nf6 7.Nc3 Ng4 8.Qxg4 Nxd4
9.Qd1 Ne6 10.Qd2 Qa5 11.Rc1 O-O 12.b3 d6 13.Nd5 Qxd2+ 14.Kxd2 Re8 15.Bd3 Bd7
16.Bb1 Rac8 17.h4 b6 18.h5 Bd4 19.hxg6 Bxe3+ 20.Kxe3 hxg6 21.Rh2 Bc6 22.Rch1
Bxd5 23.exd5 Nf8 24.f4 Rc5 25.Kd2 e6 26.dxe6 Rxe6 27.Re1 d5 28.Bd3 dxc4
29.Bxc4 Rd6+ 30.Bd3 Ne6 31.g3 Rcd5 32.Re3 Nc5 33.Kc2 Rxd3 34.Rxd3 {#R} 0-1

[Event "Ch Netherlands (juniors) (under 20)"]
[Site "masterchessopen.com Nijmegen (Netherlands)"]
[Round "6"]
[White "Stellwagen Daniel (NED)"]
[Black "Muhren Willem (NED)"]
[Result "1-0"]
[WhiteElo "2384"]
[BlackElo "2209"]

1.e4 c5 2.Nf3 Nc6 3.d4 cxd4 4.Nxd4 g6 5.c4 Bg7 6.Be3 Nf6 7.Nc3 Ng4 8.Qxg4 Nxd4
9.Qd1 Ne6 10.Rc1 Qa5 11.Bd3 g5 12.O-O b6 13.Nd5 Qxa2 14.b4 Bb7 15.Qh5 Qb2
16.g3 Qe5 17.f4 gxf4 18.Qxe5 Bxe5 19.gxf4 Bxd5 20.cxd5 Bd4 21.Bxd4 Nxd4 22.Kf2
a5 23.Ke3 Nb3 24.Rc3 a4 25.Bb5 Rg8 26.Bxa4 Nd2 27.Kxd2 Rg2+ 28.Ke3 Rxh2 29.Rg1
Rh3+ 30.Kd4 e5+ 31.fxe5 Rxa4 32.Rg8+ {#r} 1-0

[Event "Ch Region"]
[Site "masterchessopen.com Nikolaev (Ukraine)"]
[Round "8"]
[White "Bogatyriova Lidia (UKR)"]
[Black "Nakonechny Sergey (UKR)"]
[Result "1-0"]
[WhiteElo "2182"]
[BlackElo "2237"]

1.e4 c5 2.Nf3 Nc6 3.d4 cxd4 4.Nxd4 g6 5.c4 Bg7 6.Be3 Nf6 7.Nc3 Ng4 8.Qxg4 Nxd4
9.Qd1 Ne6 10.Be2 Qa5 11.O-O g5 12.Qd2 d6 13.Rab1 Rg8 14.b4 Qe5 15.Rfc1 Bd7
16.f3 b6 17.Nd5 Rc8 18.a4 Nd4 19.Bf1 Bxa4 20.Qa2 Bc6 21.Qxa7 g4 22.Kh1 gxf3
23.Bxd4 Qxe4 24.Re1 Bxd5 25.cxd5 Qh4 26.g3 Bxd4 27.Bb5+ {#r} 1-0

[Event "It (open)"]
[Site "masterchessopen.com Novosibirsk (Russia)"]
[Round "10"]
[White "Grif Sergei (RUS)"]
[Black "Vassiliev G (RUS)"]
[Result "0-1"]
[WhiteElo "2165"]
[BlackElo "2280"]

1.e4 c5 2.Nf3 Nc6 3.d4 cxd4 4.Nxd4 g6 5.c4 Bg7 6.Be3 Nf6 7.Nc3 Ng4 8.Qxg4 Nxd4
9.Qd1 e5 10.Bd3 O-O 11.Bxd4 exd4 12.Nd5 d6 13.O-O Be6 14.f4 Rc8 15.Qf3 Re8
16.Rae1 Kh8 17.g4 Qh4 18.h3 b5 19.Rc1 h5 20.gxh5 bxc4 21.Rxc4 Rxc4 22.Bxc4
Bxh3 23.Rf2 Bg4 24.Qd3 gxh5 25.Bb3 f5 26.e5 dxe5 27.Rc2 e4 28.Qb5 Rg8 29.Rc7
Qg3+ 30.Kf1 Bh3+ 31.Ke2 d3+ 32.Kd2 Qf2+ 33.Kc1 Bg4 {#R} 0-1

[Event "Ch World (juniors) (under 14)"]
[Site "masterchessopen.com Oropesa (Spain)"]
[Round "11"]
[White "Banawa Jouaquin (PHI)"]
[Black "Zavgorodniy Sergiy (UKR)"]
[Result "0-1"]
[WhiteElo "2300"]
[BlackElo "2440"]

1.e4 c5 2.Nf3 g6 3.d4 cxd4 4.Nxd4 Bg7 5.c4 Nc6 6.Be3 Nf6 7.Nc3 Ng4 8.Qxg4 Nxd4
9.Qd1 Ne6 10.Be2 Qa5 11.Bd2 Qe5 12.O-O g5 13.Be3 b6 14.Qd5 Rb8 15.Rfd1 d6
16.Qxe5 Bxe5 17.Rac1 Bb7 18.f3 h5 19.Nb5 a6 20.Nc3 Bf4 21.Bxf4 Nxf4 22.Bf1 f6
23.Nd5 Ne6 24.g3 Kf7 25.b4 Bc6 26.a3 Rhd8 27.Rd2 Nf8 28.Bg2 Ng6 29.Rf1 Rdc8
30.Bh3 g4 31.Bg2 gxf3 32.Bxf3 Rh8 33.h4 Ne5 34.Bg2 Rhg8 {#R} 0-1

[Event "Ch World (juniors) (under 14) (g)"]
[Site "masterchessopen.com Oropesa (Spain)"]
[Round "3"]
[White "Arutyunova Diana (UKR)"]
[Black "Zakoucka Adela (CZE)"]
[Result "1-0"]
[WhiteElo "2118"]
[BlackElo "2016"]

1.e4 c5 2.Nf3 Nc6 3.d4 cxd4 4.Nxd4 g6 5.c4 Bg7 6.Be3 Nf6 7.Nc3 Ng4 8.Qxg4 Nxd4
9.Qd1 Ne6 10.Be2 Bxc3+ 11.bxc3 Qa5 12.O-O Qxc3 13.Rc1 Qa5 14.f4 O-O 15.f5 Nc7
16.Qd4 e5 17.Qd6 Ne8 18.Qe7 Ng7 19.c5 Re8 20.Qh4 Qd8 21.Bg5 Qc7 22.Qh6 Kh8
23.fxg6 fxg6 24.Rf7 {#r} 1-0

[Event "Ch World (juniors) (under 18)"]
[Site "masterchessopen.com Oropesa (Spain)"]
[Round "3"]
[White "Izoria Zviad (GEO)"]
[Black "Roisman Fabio (ARG)"]
[Result "1-0"]
[WhiteElo "2533"]
[BlackElo "2266"]

1.Nf3 c5 2.c4 g6 3.d4 cxd4 4.Nxd4 Bg7 5.e4 Nc6 6.Be3 Nf6 7.Nc3 Ng4 8.Qxg4 Nxd4
9.Qd1 e5 10.Bd3 O-O 11.O-O d6 12.Nb5 Be6 13.f3 a6 14.Nxd4 exd4 15.Bf2 Rc8
16.b3 Qa5 17.Qe2 Rfe8 18.Rfe1 Qh5 19.Rad1 Kf8 20.Bg3 Qc5 21.Qd2 b5 22.cxb5
axb5 23.Bf2 Qc3 24.Bxb5 Red8 25.Bxd4 {#r} 1-0

[Event "It (open)"]
[Site "masterchessopen.com Patras (Greece)"]
[Round "3"]
[White "Kotronias Vasilios (GRE)"]
[Black "Managadze Nikoloz (GEO)"]
[Result "1-0"]
[WhiteElo "2548"]
[BlackElo "2419"]

1.e4 c5 2.Nf3 Nc6 3.d4 cxd4 4.Nxd4 g6 5.c4 Bg7 6.Be3 Nf6 7.Nc3 Ng4 8.Qxg4 Nxd4
9.Qd1 Nc6 10.Rc1 O-O 11.Bd3 d6 12.O-O b6 13.Qd2 Bb7 14.b3 Qd7 15.Rfd1 Rfd8
16.Bf1 Ne5 17.Bd4 Rac8 18.Be2 Qe6 19.Nd5 Nc6 20.Bxg7 Kxg7 21.Rc3 h5 22.Rg3 Rh8
23.f4 Rcg8 24.f5 Qe5 25.fxg6 f6 26.b4 h4 27.Rf3 Qxe4 28.Rf4 Qe5 29.Bf3 Re8
30.Nc7 Rc8 31.Re4 Rxc7 32.Rxe5 Nxe5 33.Bxb7 Rxb7 34.Qd5 {#r} 1-0